000
00318nam a22001457a 4500
008
210311b ||||| |||| 00| 0 eng d
020
_a
9781133104384
041
_a
eng
080
_2
14th
_a
574
082
_a
574
100
_a
9
101
_a
MJE
245
_a
Environmental Science
_c
Miller, G. T
942
_2
udc
_c
BK
999
_c
56391
_d
56391